Tous les ennemis de Batman - Statistiques

Statistiques générales
  • Ce quiz a été pris 109 fois
    38 depuis la dernière actualisation
  • Le résultat moyen est 35 sur 277
Statistiques - réponses
Indices Réponses % Correct
Le clown prince du crime Joker
100%
Amoureux au cœur de glace Mister Freeze / Mr Freeze
91%
Né à Santa Prisca Bane
87%
La plus folle des psychiatres Harley Quinn
87%
Déesse végétale Poison Ivy
83%
Pyromane Firefly / Pyrovol
78%
??? Interrogation ??? Riddler / Sphinx / Homme-mystère
74%
Le maître de la peur Scarecrow / Épouvantail
74%
Il ne rate jamais sa cible Deadshot
70%
Chut... Hush / Silence
70%
Toujours avec son parapluie et son monocle Penguin / Pingouin
70%
Toujours avec sa pièce fétiche Two Face / Double Face / Pile ou Face
70%
La meilleure des chapardeuses Catwoman
65%
Il a une peau très rocailleuse Killer Croc
65%
Alice au pays des merveilles Mad Hatter / Chapelier Fou
65%
Chauve-souris de laboratoire Man-Bat
65%
Écoterroriste immortel Ra's al Ghul
65%
Né un lundi Solomon Grundy
61%
Il ne peut plus enlever son masque Black Mask
57%
Il utilise + de 10% de son cerveau Deathstroke
57%
Mère de Robin Talia al Ghul
57%
Il est soumis à Scarface Ventriloquist / Ventriloque
57%
Il est obsédé par les jours de fêtes Calendar Man / Almanach
52%
Actor Studio Clayface / Gueule d'argile
52%
Psychiatre obsédé par Batman Hugo Strange
52%
Il est recouvert de cicatrices Victor Zsasz / Zsasz
52%
Le Romain Carmine Falcone
48%
Il est contre l'ordre établi Anarky
43%
Il a tué les Wayne Joe Chill
43%
Grosse mouche... Killer Moth
43%
Ace Chemicals Red Hood
43%
La tribus de Judas Court of Owls / La Cour des Hiboux
35%
Le plus puissant des hommes d'affaires de Metropolis Lex Luthor
35%
Le roi des rats Ratcatcher
35%
Le Boss Salvatore Maroni
35%
Directeur de l'asile Jeremiah Arkham
30%
Le fils psychopathe du meilleur policier de Gotham James Gordon Junior / James Gordon Jr
26%
La meilleure des artistes martiales Lady Shiva
26%
L'organisation liée aux puits de Lazare League of Assassins / La Ligue des Assassins
26%
Il adore ses dollotrons Professor Pyg / Professeur Pyg
26%
La fille du Romain Sofia Falcone
26%
Le Tueur Holiday Alberto Falcone
22%
Cheffe de la Suicide Squad Amanda Waller
22%
Aussi venimeux que le serpent Copperhead
22%
Il porte une combinaison qui électrocute Electrocutioner / Electrocuteur
22%
Défiguré à cause du froid à l'Asile d'Arkham Great White Shark / Grand Requin Blanc
22%
Elle est née à Arkham Arkham Knight
17%
Fusion maléfique de Batman et du Joker Batman Who Laughs / Batman qui rit
17%
Bizarro version Batman Batzarro
17%
Culte du chat Catman
17%
Ketchup ou moutarde ? Condiment King / Roi du Condiment
17%
Gourou des sans-abris Deacon Blackfire / Diacre Blackfire
17%
Ancêtre maléfique de Bruce Doctor Hurt / Docteur Hurt / Simon Hurt
17%
Commissaire corrompu Gillian Loeb
17%
Sous branche de la précédente League of Shadows / La Ligue des Ombres
17%
Organisation tentaculaire de Talia al Ghul Leviathan
17%
Le frère de Bruce Owlman
17%
Amour gâché de Bruce Phantasm / Andréa Beaumont
17%
Tueur de la cour Talon / Ergot
17%
Esther version DC Comics Baby Doll
13%
Dieu chauve-souris Barbatos
13%
Tic Tac... Clock King / Le Roi du Temps
13%
Il provoque des vertiges Count Vertigo / Comte Vertigo / Vertigo
13%
Il a découpé le visage du Joker Dollmaker / Taxidermiste
13%
Il a une gomme au-dessus de la tête Eraser / Effaceur
13%
Un pyromane qui n'est pas Firefly Firebug
13%
Tueur psychopathe en violet Flamingo
13%
Il adore les cerfs-volants Kite Man
13%
Le fils du Romain Mario Falcone
13%
Il se croit au Panthéon Maxie Zeus
13%
Son costume arbore des points dont il en sort des objets Polka Dot Man / Mister Polka Dot
13%
Il a fait venir le Batman Flashpoint sur la Terre de Bruce Professor Zoom / Reverse Flash
13%
Il a tué les Grayson Tony Zucco
13%
Policier corrompu et partenaire de Gordon Arnold Flass
9%
Gros balèze qui est la némésis de Nightwing Blockbuster
9%
Capable d'accéder à internet par la pensée Calculator / Calculette
9%
Le père de Spoiler Cluemaster / Maître des énigmes
9%
Batman Beyond : Président de Powers Industries Derek Powers / Blight / Fléau
9%
Scientifique nucléaire devenu un mutant radioactif Doctor Phosphorus
9%
Maître du déguisement au visage élastique False-Face / Caméléon
9%
Le clone de Damian Heretic / Hérétique
9%
Il veut réparer ce qui est cassé Humpty Dumpty
9%
Bande de jeunes racailles s'inspirant du look du Joker Jokerz
9%
L'organisation vipérine de Gotham Kobra
9%
Mafieux qui aurait commandité le meurtre des Wayne Lew Moxon
9%
Un méchant joué par Christopher Walken Max Shreck
9%
Anti-Batman, il se serait suicidé pour devenir un martyre Mirror / Miroir
9%
Scientifique transformée en une orque anthropomorphe Orca
9%
Génie tactique qui a la clé cosmique Prometheus
9%
La nouvelle égérie du clown Punchline
9%
L'homme de ce couple criminel inséparable Punch / Poli
9%
Justicier prédécesseur de Batman Reaper / Faucheur
9%
Cascadeuse et cambrioleuse qui aime les sensations fortes Roxy Rocket
9%
Un gros mafieux de Gotham Rupert Thorne
9%
Créateur du Magistrat, police privée de Gotham Simon Saint
9%
Il utilise des effets spéciaux pour ressembler à un fantôme Spook / Fantôme
9%
Criminel qui utilise des équipements sportifs Sportsmaster
9%
Mafieux albinos Tobias Whale
9%
Il est toujours accompagné de son cousin Tweedledee
9%
Le cousin en question Tweedledum
9%
Homme des cavernes immortel Vandal Savage
9%
Elle porte des oreilles de lapin et peut se dissocier en deux White Rabbit / Lapin Blanc
9%
Complice du Joker, animal anthropomorphe Woof / La Hyène
9%
Les rayures du zèbre Zebra-Man
9%
Il veut tuer toute sa famille Abattoir
4%
Il tue tout ce qui bouge quand il est en colère Amygdala / Amygdale
4%
Homme très corpulent avec un chignon Big Top
4%
Bras droit de Bane Birdy
4%
Tueur à gages qui tisse sa toile Black Spider
4%
Complice du Joker, costaud et chauve tué par le Joker Bonk / Bunker
4%
Ancienne mannequin défigurée qui cache son visage Calendar Girl
4%
Il se prend pour un pirate Captain Stingaree
4%
Un taré qui se bat à l'épée Cavalier
4%
Vilain italien de cette organisation Charlie Caligula
4%
Elle a eu une fille avec Arsenal Cheshire
4%
Complice du Joker, bedonnant avec un masque de clown Chucko
4%
Tueur en série télépathe qui donne des illusions Cornelius Stirk
4%
Il a été trahi par le précédent et a un toucher mortel Corrosive Man
4%
Il porte un casque qui émet des rayons de couleurs Crazy Quilt
4%
Il soigne les criminels Crime Doctor / Docteur du Crime
4%
Le père d'Orphan David Cain
4%
Les petites filles d'Harley Quinn Dee Dee and Dee Dee / Dee Dee et Dee Dee
4%
Il avait proposé des plans aux vilains pour tuer Batman Designer
4%
Le premier super-vilain de Batman Doctor Death / Docteur Lamort
4%
Vilain dirigeant Leviathan et combattu par Spyral Doctor Dedalus / Docteur Dédale
4%
En voulant effacer ses cicatrices, il a effacé son visage Doctor No-Face / Docteur Sans-Visage
4%
Magicien asiatique adepte du contrôle mental Doctor Tzin Tzin / Tzin Tzin
4%
Artiste qui fait de la peinture avec le sang de ses victimes Doodlebug
4%
Elle a retrouvé le visage découpé du Joker Duela Dent / Joker's Daughter / La Fille du Joker
4%
Criminel chauve au crâne proéminent Egghead
4%
Vilain mexicain de cette organisation El Sombrero
4%
Il a trahi le Pingouin pour prendre sa place Emperor Penguin / Empereur Pingouin
4%
Androïde créé par le Batman de Zur-en-arrh Failsafe
4%
L'organisation de Roman Sionis False Face Society / Société des Faux Visages
4%
Agent du parlement des arbres Floronic Man / Homme Floronique
4%
Il utilise des jouets pour commettre des actes terroristes Fun Haus
4%
Ancien bras droit du Joker Gaggy
4%
Le bas de son corps est entièrement robotisé Gearhead
4%
Mort pendu, il est revenu comme fantôme Gentleman Ghost
4%
Complice du Joker avec un chapeau et des cheveux longs Ghoul / Citrouille
4%
Son cerveau a été transplanté dans un corps de gorille Gorilla Boss
4%
Maire corrompu Hamilton Hill
4%
Intelligence artificielle qui a créé des Cyber Batman&Gordon HARDAC
4%
Le précepteur français de Bruce Henry Ducard
4%
Criminelle qui déforme son corps à volonté Inque
4%
Elle prend l'identité de ses victimes Jane Doe
4%
La femme de ce couple Jewelee / Chinelle
4%
Le neveu du Romain Johnny Viti
4%
Interné à Arkham, il est obsédé par les déchets Junkyard Dog
4%
Mystérieuses sœurs japonaises au service du Pingouin Kabuki Twins
4%
Il a une obsession fétichiste pour la mort Kadaver
4%
Tueur de la Mère Patrie KGBeast
4%
Vilain suédois de cette organisation King Kraken
4%
Criminel obsédé par l’Égypte antique King Tut / Toutankhamon
4%
Une Gueule d'Argile au féminin Lady Clayface
4%
Vilain français de cette organisation Le Bossu
4%
Gardien de Blackgate trop zélé Lock Up / Double Tour
4%
Truand japonais immortel au visage squelettique Lord Death Man
4%
Vampire qui dirige une secte Mad Monk / Moine Fou
4%
Elle a des ongles s'apparentant à des griffes Magpie
4%
Il utilise un fouet avec pointes attaché à son casque Metalhead
4%
Il dispose de pistolets invisibles Mime
4%
Son masque est une caméra ou un appareil photo Mister Camera
4%
Il contrôle les gens avec sa musique Music Meister / Maître de Musique
4%
Il a affronté Batman dans un bourbier Mutant Leader / Le Chef des Mutants
4%
Groupe de jeunes désabusés par la Société dirigé par lui Mutants / Le Gang des Mutants
4%
Elle craint la lumière du soleil Nocturna
4%
Il prédit aux riches l'apocalypse pour soutirer de l'argent Nostromos
4%
Il ne prononce que des bruits Onomatopeia / Onomatopée
4%
Pyrokinétique, il contrôle le feu sans jamais se brûler Phosphorus Rex
4%
Second français de cette organisation Pierrot Lunaire
4%
Scientifique avec une coupe au bol Professor Milo / Professeur Milo
4%
Avec son masque de méduse il manipule les émotions Psycho-Pirate
4%
Il provoque des tremblements de terre Quakemaster
4%
Femme terroriste internationale avec une mèche blanche Red Claw / Griffe Rouge
4%
Bras droit du Ventriloque Rhino
4%
Un autre mafieux de Gotham Roland Daggett
4%
Famille qui se déguise en personnages de jeu de carte Royal Flush Gang / Gang du Flush Royal
4%
Terroriste déguisé en "livreur de cadeaux" Santa Klaus / Père Noël
4%
Vilaine argentine de cette organisation Scorpiana
4%
Le père de Ra's al Ghul Sensei
4%
Il dirige un gang d'orphelins sous terre Sewer King / Roi des Égouts
4%
Ingénieur du son devenu sourd Shriek / Stridor
4%
Spécialiste des arts-martiaux au masque de singe Silver Monkey
4%
Riche industriel et beau-père de Metamorpho Simon Stagg
4%
Un chef pâtissier génie du crime Simon the Pieman / Simon le Roi de la Tarte
4%
Un psychiatre qui hypnotise ses victimes Spellbinder
4%
Il porte une armure recouverte de disques rotatifs Spinner / Toupie
4%
Vilain australien de cette organisation Swagman
4%
Il est là pour encaisser les dettes Tally-Man / Encaisseur
4%
Il en a un à chaque doigt Ten Eyed Man / L'Homme aux Dix Yeux
4%
Organisation créée par le Docteur Hurt The Club of Villains / Le Club des Vilains
4%
Fils de Ra's al Ghul, toujours prêt à donner un coup de main The Help / L'Aide
4%
Télépathe pâle et cadavérique très puissant The Key / La Clé
4%
Contrebandier maritime avec un foulard rouge sur les yeux Tiger Shark / Requin Tigre
4%
Les cow-boys jumeaux Trigger Twins
4%
Renard, requin, oiseau Trio Terrible / Terrible Trio
4%
Métahumain avec des défenses d'éléphant Tusk
4%
Le bras droit de Ra's al Ghul Ubu
4%
Le fils rejeté de Ra's al Ghul White Ghost / Fantôme Blanc
4%
Version corrompue et colérique de Batman Wrath
4%
Criminel et adepte de l'astrologie Zodiac Master / Maître du Zodiaque
4%
Créé par Lex Luthor, il peut manipuler les ténèbres Abyss
0%
Sa famille a construit les ponts de Gotham Architect / Architecte
0%
Maire corrompu 2 Armand Kroll
0%
Tout a mûri chez lui sauf son visage Babyface
0%
Terroriste qui se considère patriote américain Banner / Bannière
0%
Frère de Shondra Kinsolving aux pouvoirs psychiques Benedict Asp
0%
Ancien meilleur ami de Terry McGinnis Big Time / Mégalo
0%
Organisation maléfique dirigée par le Docteur Hurt Black Glove / Gant Noir
0%
Agent de la brigade d'intervention véreux Branden
0%
Seconde victime de Phantasm Buzz Bronski
0%
Première victime de Phantasm Chuckie Sol
0%
Organisation dirigée par le Professeur Pyg Circus of Strange / Cirque de l’Étrange
0%
Tueuse à l'épée muette recherchée par Interpol Curare
0%
Son bras droit qui attire les victimes Dala Vadim
0%
Il a appris à Batman et au Joker la maitrise des émotions Daniel Captio
0%
Il organise des ventes aux enchères morbides Dealer / Priseur
0%
Scientifique qui intègre au corps des parties animales Doctor Cuvier / Docteur Cuvier / Able Cuvier
0%
Capable de créer un double de lui-même Doctor Double X / Docteur Double X
0%
Scientifique toujours muni de ses lunettes noires Doctor Moon / Docteur Moon
0%
Il peut créer autant de doubles de lui avec son gant Everywhere Man / L'Homme Exponentiel
0%
Facteur psychopathe Faceless
0%
Enfant psychopathe et génie militaire General / Général
0%
Commissaire corrompu 2 Grogan
0%
La compagne du précédent Gunbunny
0%
Mercenaire et sniper, ancien marine Gunhawk
0%
Mercenaire avec un foulard américain sur la bouche Gunsmith
0%
Son acolyte Henshaw
0%
Il a survécu à la toxine du Joker, il arbore un visage similaire Impostor Joker / Joker Imposteur
0%
Le chef de l'organisation Kobra King Cobra / King Kobra / Roi Cobra
0%
Chef du gang asiatique des Ghosts Dragons King Snake
0%
Garde du corps lycanthrope de la précédente Kyle Abbot
0%
Ancien rival de Bruce, il meurt plongé dans la lave Kyodai Ken
0%
Bras droit de l’Épouvantail Linda Friitawa / Fright
0%
Interné à Arkham son surnom confirme son idiotie Lunkhead
0%
L'assistante du précédent Lynx
0%
La première victime de l’Épouvantail Madame Crow
0%
Terroriste qui veut faire tout sauter Mad Stan / Stan le Détraqué
0%
Criminel qui laisse derrière lui des indices musicaux Maestro
0%
Elle tue avec des ficelles tranchantes Marionette / Marionnette
0%
Il dévore l'âme de ses victimes Matatoa
0%
Commissaire corrompu qui a été chef de cette organisation Matthew McLeod
0%
Flic rendu fou par Hugo Strange Maxwell Cort / Max Cort
0%
Il a un masque avec une fleur en plein milieu du visage Mister Bloom
0%
Bras droit du président de Powers Industries Mister Fixx / Monsieur Fixx
0%
Il arrache et met les dents de ses victimes dans leurs ventres Mister Teeth
0%
Grenouille anthropomorphe Mister Toad / Monsieur Toad
0%
Il a vendu son âme au Diable pour vivre plus longtemps Mister Whisper / Monsieur Murmure
0%
Grand costaud qui dort tout le temps Mister ZZZ / Monsieur ZZZ
0%
Trafiquante d'enfants qui en fait ses soldats Mother / Maman
0%
Rock star satanique ennemie d'Azrael Nicholas Scratch
0%
Son fils tueur psychopathe Nobody / Personne
0%
Version maléfique d'Alfred venue d'une Terre parallèle Outsider
0%
Fils de ce dernier Paxton Powers
0%
Guerrier cybernétique, chef de file du Magistrat Peacekeeper 01
0%
Organisation criminelle antérieure au Joker Red Hood Gang / Gang des Red Hoods
0%
Dans son univers, il n'est pas devenu le Joker Red Mask
0%
Mafieux qui est le père officiel de Sélina Kyle Rex Calabrese / Lion
0%
Homme de main idiot du Joker Rocco
0%
La grand-mère de Ra's al Ghul Ruh al Ghul
0%
Troisième victime de Phantasm Salvatore Valestra
0%
Magicien appartenant à la famille Rothschild Sebastian Blackspell
0%
Maire corrompu 3 Sebastian Hady
0%
Tueur formé par la Ligue des Assassins, antagoniste de Dick Shrike / Boone / La Grièche
0%
Son costume arbore les symboles de notre Société Signalman
0%
Un grand chasseur venu d'Afrique Stalker / Trappeur
0%
Groupe formé de terre capable d'imiter les humains The Body / Le Corps
0%
Leader de cette organisation The First Victim / La Première Victime
0%
Il gère l'argent des vilains Underbroker / Courtier
0%
Elle est un clone de Bane Vengeance
0%
Organisation recensant les innocents victimes de Batman Victim Syndicate / Syndicat des Victimes
0%
Tueuse immortelle à l'apparence de serpent Whisper A'Daire / Murmure de Défi
0%
Flic qui a fait une mutinerie durant le No Man's Land William Pettit / William Petit
0%
Camarade de Terry qui contrôle les robots Willie Watt
0%
Le Batman de Suède qui a trahi le Club des Héros Wingman
0%
Il a des réflexes améliorés par des implants cybernétiques Zeiss / Philo Zeiss
0%
Aucun quiz correspondant
Distribution des résultats
% des personnes avec chaque résultat
Percentile par nombre de réponses
Votre historique - résultats
Vous n’avez pas pris ce quiz depuis la dernière actualisation